• 首页
  • 本馆介绍
  • 公告通知
  • 最新文献
  • 馆藏检索
  • 电子资源
  • 读者导购
  • 参考咨询
  • 我的图书馆
  • 登录
  • 详细信息显示
  • 放入我的书架
  • 预约/预借图书
  • 作者相关作品
  • 分类相关作品
  • 丛书相关作品
  • 出版社相关作品

书目信息

  • 表格格式
  • 工作单格式
  • 卡片格式
题名:
剑桥艺术史
    
 
作者: 莱茨 著 ;钱乘旦 译
分册:  
出版信息: 南京   译林出版社  2009
页数: 109页
开本: 24cm
丛书名:
单 册:
中图分类: J110.9
科图分类:
主题词: 艺术史--西方国家 , 文艺复兴--艺术史--西方国家 , 艺术史 , 文艺复兴 , 艺术--世界 , 美术--世界
电子资源:
ISBN: 978-7-5447-0726-8
000 01306nam0 22003371 45
001 1256804640
005 20120627085740.45
010    @a978-7-5447-0726-8@dCNY22.00
100    @a20120626d2009 em y0chiy50 ea
101 1  @achi@ceng
102    @aCN@b320000
105    @aa z 001yy
106    @ar
200 1  @a剑桥艺术史@AJian Qiao Yi Shu Shi@e文艺复兴艺术@EWen Yi Fu Xing Yi Shu@f(英)罗萨·玛利亚·莱茨(Rosa Maria Letts)著@F( Ying ) Luo Sa· Ma Li Ya· Lai Ci (Rosa Maria Letts) Zhu@g钱乘旦译
210    @a南京@c译林出版社@d2009
215    @a109页@c图@d24cm
312    @a封面英文题名:The Cambridge introduction to art, The Renaissance
330    @a本书内容包括:文艺复兴艺术的起源,文艺复兴艺术中的自然、空间和现实,文艺复兴早期的艺术保护人和艺术家,世纪结束时的不安与尝试等。
510 1  @aCambridge introduction to art@iThe renaissance@zeng
517 1  @a文艺复兴艺术@AWen Yi Fu Xing Yi Shu
606 0  @a艺术史@y西方国家
606 0  @a文艺复兴@x艺术史@y西方国家
606 0  @a艺术史
606 0  @a文艺复兴
606 0  @a艺术@x世界
606 0  @a美术@x世界
690    @aJ110.9@v4
701  0 @c(英)@a莱茨@ALai Ci@c(Letts, Rosa Maria)@4著
702  0 @a钱乘旦@AQian Cheng Dan@4译
801  0 @aCN@b大连网信软件有限公司图书馆·11@c20120627
905    @b0819249-52@dJ110.9@e109:2@f4
    
    剑桥艺术史:文艺复兴艺术/(英)罗萨·玛利亚·莱茨(Rosa Maria Letts)著/钱乘旦译.-南京:译林出版社,2009
    109页:图;24cm
    
    
    ISBN 978-7-5447-0726-8:CNY22.00
    本书内容包括:文艺复兴艺术的起源,文艺复兴艺术中的自然、空间和现实,文艺复兴早期的艺术保护人和艺术家,世纪结束时的不安与尝试等。
●
相关链接 在E读中查询图书 在五车中查询图书 在当当中查询图书 在豆瓣中查询图书


正题名:剑桥艺术史     索取号:J110.9/109:2         预约/预借

序号 登录号 条形码 馆藏地/架位号 状态 备注
1 0819249   208192490   第一样本阅览室/ [索取号:J110.9/109:2] 在馆    
2 0819250   208192506   第一借阅区/ [索取号:J110.9/109:2] 在馆    
3 0819251   208192515   第一借阅区/ [索取号:J110.9/109:2] 在馆    
4 0819252   208192524   第一借阅区/ [索取号:J110.9/109:2] 在馆    
唐山师范学院图书馆 欢迎您!
大连网信软件有限公司© 版权所有